000 01035nam a22003257a 4500
001 BR7803938
003 BR-BrBNA
005 20230928085632.0
007 ta
008 230509b bl.||||| |||| 00| 0 por d
040 _aBR-BrBNA
_bpor
_cBiblioteca Nacional de Agricultura
041 _a(Por)
072 _aP12; E30
_b/G514
_b/GZ12
090 _ P12 BR7803938
100 1 _aPontes, J.O.
110 1 _aMinisterio do Interior, Brasilia, DF (Brasil). Coordenadoria de Comunicacao Social
_97114
245 1 _aO trabalho do DNOCS e o programa de irrigacao no Nordeste Semi-Arido [Departamento Nacional de Obras Contra as Secas; politica agricola; Brasil]
260 3 _aBrasilia, DF (Brasil):
_c[nd].
300 _a53 p.
500 _a16 tables; Published 1978?
650 _aIrrigacao
650 _aProjeto de desenvolvimento
650 _aDrenagem
650 _aAssistencia tecnica
650 _aColonizacao
650 _aZona semi-arida
650 _aNordeste
909 _a202309
_bLucia
_c55
_dLucia Elande
942 _cBK
999 _c25507
_d25507